El museo como centro cultural de la comunidad. (Record no. 1652)

MARC details
000 -CABECERA
campo de control de longitud fija 00823nam a2200205 a 4500
001 - NÚMERO DE CONTROL
campo de control BRCA_1875
005 - FECHA Y HORA DE LA ÚLTIMA TRANSACCIÓN
campo de control 20190320203601.0
008 - DATOS DE LONGITUD FIJA--INFORMACIÓN GENERAL
campo de control de longitud fija 090608s1962----mx-#---###---#000-0#spa-#
050 #4 - SIGNATURA TOPOGRÁFICA DE LA BIBLIOTECA DEL CONGRESO
Número de clasificación AM5
Número de documento/Ítem .M97 1962
245 10 - MENCIÓN DE TÍTULO
Título El museo como centro cultural de la comunidad.
260 ## - PUBLICACIÓN, DISTRIBUCIÓN, ETC.
Lugar de publicación, distribución, etc. México
Nombre del editor, distribuidor, etc. UNESCO
Fecha de publicación, distribución, etc. 1962
300 ## - DESCRIPCIÓN FÍSICA
Extensión 53 p.
Dimensiones 28 cm.
500 ## - NOTA GENERAL
Nota general Informe del Director del V Seminario Regional de la UNESCO, realizado en la Ciudad de México, 17 septiembre - 14 octubre, 1962
501 ## - NOTA DE "CON"
Nota de “Con” Encuadernado con : La función de los museos en la educación
546 ## - NOTA DE LENGUA/LENGUAJE
Nota de lengua/lenguaje Texto en : español e inglés
600 14 - PUNTO DE ACCESO ADICIONAL DE MATERIA--NOMBRE DE PERSONA
Nombre de persona Borhegyi, Stephan F. de
Subdivisión general Discursos, ensayos y conferencias
9 (RLIN) 5801
650 14 - PUNTO DE ACCESO ADICIONAL DE MATERIA--TÉRMINO DE MATERIA
Término de materia o nombre geográfico como elemento de entrada Museos
Subdivisión general Relación con el público
Subdivisión geográfica América Latina
9 (RLIN) 5802
740 0# - PUNTO DE ACCESO ADICIONAL--TÍTULO RELACIONADO O ANALÍTICO NO CONTROLADO
Título relacionado o analítico no controlado La función de los museos en la educación
942 ## - ELEMENTOS DE PUNTO DE ACCESO ADICIONAL (KOHA)
Fuente del sistema de clasificación o colocación Library of Congress Classification
Tipo de ítem Koha Libros
Holdings
Estado de retiro Estado de pérdida Estado dañado No para préstamo Localización permanente Ubicación/localización actual Fecha de adquisición Total de préstamos Signatura topográfica completa Código de barras Fecha visto por última vez Precio válido a partir de Tipo de ítem Koha
El ejemplar forma parte de la colección y puede ser consultado según las políticas vigentes.       Biblioteca del Museo Franz Mayer (Rogerio Casas-Alatriste) Biblioteca del Museo Franz Mayer (Rogerio Casas-Alatriste) 30/07/2008   AM5 .M97 1962 00187 22/03/2019 22/03/2019 Libros